| 000 | 00000nas##2200000za#4500 |
| 001 | 9.514440 |
| 003 | CaOODSP |
| 005 | 20200707115225 |
| 007 | ta |
| 008 | 150406c1998||||xxc|| m #||||f| |0eng|d |
| 022 | |a0381-7733 |
| 040 | |aCaOODSP|beng |
| 043 | |an-cn--- |
| 086 | 1 |aC21-29E |
| 110 | 1 |aCanada. |bIndustry Canada. |
| 245 | 10|aTechnology road map |
| 260 | |aOttawa - Ontario : |bIndustry Canada |
| 500 | |a"Technology Roadmaps identify the critical technologies required by an industry to meet market needs five to ten years in the future. They are a mechanism enabling Canadian industry, academic institutions, research organizations and governments to identify and prioritize required critical technologies which in turn guides their strategic research, development, marketing and investment decisions." |
| 520 | 3 |aTechnology Roadmaps identify the critical technologies required by an industry to meet market needs five to ten years in the future. They are a mechanism enabling Canadian industry, academic institutions, research organizations and governments to identify and prioritize required critical technologies which in turn guides their strategic research, development, marketing and investment decisions |
| 563 | |aSoftcover |
| 775 | 08|tCarte routière technologique |w(CaOODSP)9.512855 |
| 776 | 0#|tTechnology roadmap. |w(CaOODSP)9.888983 |